Statistics for Six Nations Rugby - Top Try Scorers by Nation

Click here to take the quiz!

General Stats

  • This quiz has been taken 26 times
  • The average score is 16 of 41

Answer Stats

TriesPlayerCareer% Correct
26Brian O'Driscoll1999-2014
92%
16Stuart Hogg2012-2022
83%
9Liam Williams2012-2022
79%
22Shane Williams2000-2011
79%
22George North2011-2021
75%
9Rhys Williams2000-2005
71%
14Tommy Bowe2004-2017
67%
14Keith Earls2008-2022
63%
14Jason Robinson2001-2007
58%
10Jacob Stockdale2017-2021
54%
14Jonny May2013-2022
54%
7Sergio Parisse2002-2019
54%
6Duhan van der Merwe2020-2022
50%
7Huw Jones2016-2021
50%
13Anthony Watson2014-2022
42%
9Damian Penaud2017-2022
42%
11Josh Adams2018-2022
42%
9Leigh Halfpenny2008-2021
42%
11Vincent Clerc2002-2013
42%
16Ben Cohen2000-2006
38%
7Darcy Graham2018-2022
38%
10Ronan O'Gara2000-2013
33%
7Chris Paterson1999-2011
29%
5Mauro Bergamasco1998-2015
29%
6Mirco Bergamasco2002-2012
29%
13Shane Horgan2000-2009
29%
10Aurélien Rougerie2001-2012
25%
6Sean Maitland2013-2021
25%
14Will Greenwood1997-2005
25%
8Maxime Médard2008-2019
21%
9Yannick Jauzion2001-2011
21%
8Damien Traille2001-2011
17%
10Jonathan Joseph2012-2020
17%
6Sean Lamont2004-2016
17%
9Thomas Shanklin2001-2010
17%
6Tommaso Allan2013-2021
17%
9Imanol Harinordoquy2002-2012
13%
5Edoardo Padovani2016-2022
8%
5Martin Castrogiovanni2002-2016
8%
5Matteo Minozzi2017-2021
8%
6Giovanbattista Venditti2012-2017
4%

Score Distribution

Percentile by Number Answered

Percent of People with Each Score

Your Score History

You have not taken this quiz